00237nam a2200097Ia 4500008004100000100001900041245002500060260003800085300000800123650000800131191201s2001 xx 000 0 und d aSALONER, Garth 0aStrategic Management aN. DelhibJohn Wiley & Sonsc2001 a442 aMBA